| 000 | 00474nam a22001937a 4500 | ||
|---|---|---|---|
| 003 | MPLRDC | ||
| 005 | 20220104124716.0 | ||
| 008 | 210129b ||||| |||| 00| 0 eng d | ||
| 020 | _a983-063-599-6 | ||
| 082 | _a859.3 LTCS v.1 | ||
| 100 | _a不详 | ||
| 245 |
_a竹林公主 _c |
||
| 250 | _a初版 | ||
| 260 |
_a _b立腾出版有限公司 _c1997 |
||
| 300 | _b平 | ||
| 490 | _a立腾彩色世界童话故事 | ||
| 650 | _a童话故事 | ||
| 942 |
_cBK _o859.3 LTCS v.1 |
||
| 999 |
_c21516 _d21506 |
||